000 00962cab a2200229 4500
001 ##ABS53681
008 090401t1995 xxu||||| |||| 00| 0 eng d
035 _a(Sirsi) u5867
041 0 _aeng
245 0 0 _aRisk analysis in dispute resolution
260 _c1995
350 _a0
490 0 _aInternational Construction Law Review
_v12(4) October 1995, 600-613(14)
520 _aLooks at how risk analysis can be used to assess financial outcome of pursuing a claim - so aiding decisions on whether to pursue settlement by negotiation. Considers basic principles of risk management in general, using various techniques, and then relates these to legal proceedings.
650 2 4 _aCONTROLLED INTERVAL METHODS
650 2 4 _aDECISION TREE ANALYSIS
650 2 4 _aMONTE CARLO SIMULATION
651 4 _aInternational
690 _aMANAGEMENT-DISPUTE AVOIDANCE, MANAGEMENT AND RESOLUTION-DISPUTE MANAGEMENT AND RESOLUTION
942 _n0
948 _c04/03/1997
999 _c3507
_d3507